| 000 -LEADER |
| fixed length control field |
00535nam a22001577a 4500 |
| 005 - DATE AND TIME OF LATEST TRANSACTION |
| control field |
20230912145718.0 |
| 008 - FIXED-LENGTH DATA ELEMENTS--GENERAL INFORMATION |
| fixed length control field |
230912s1986 enk||||| |||| 00| 0 eng d |
| 041 ## - LANGUAGE CODE |
| Language code of text/sound track or separate title |
eng |
| 080 ## - UNIVERSAL DECIMAL CLASSIFICATION NUMBER |
| Universal Decimal Classification number |
902 L-85 |
| 100 ## - MAIN ENTRY--PERSONAL NAME |
| Personal name |
Logiadou, S |
| 9 (RLIN) |
19805 |
| 245 ## - TITLE STATEMENT |
| Title |
Crete : |
| Remainder of title |
Knossos, Phaistos, Malia, Gournia, Zakros, Archanes, Gortys, Hagia Triada, Krista, Toplou, Spinalonga and Heraklion Museum. |
| Statement of responsibility, etc. |
S. Logiadou - Platonos, Nanno Maritanos. |
| 264 ## - PRODUCTION, PUBLICATION, DISTRIBUTION, MANUFACTURE, AND COPYRIGHT NOTICE |
| Place of production, publication, distribution, manufacture |
Athens, |
| Date of production, publication, distribution, manufacture, or copyright notice |
1986. |
| 300 ## - PHYSICAL DESCRIPTION |
| Extent |
190 p.: |
| Other physical details |
ill.; |
| Dimensions |
24 cm. |
| 653 ## - INDEX TERM--UNCONTROLLED |
| keyword |
კრეტა |
| 942 ## - ADDED ENTRY ELEMENTS (KOHA) |
| Source of classification or shelving scheme |
|
| Koha item type |
წიგნი |